Ansatzpunkte zur Schaffung eines Europäischen Kapitalmarkets Eine Analyse der Kapitalmarktintegration in der EG und ihrer Auswirkungen

Salvato in:
Dettagli Bibliografici
Autore principale: Weigelt, Klaus Werner
Natura: Libro
Lingua:tedesco
Pubblicazione: Frankfurt am Main Johann Wolgang Goethe-Universität 1982
Tags: Aggiungi Tag
Nessun Tag, puoi essere il primo ad aggiungerne!!

MARC

LEADER 00000nam a2200000 4500
001 c131558
005 20041019155252.7
041 0 |a ger 
044 |a DE 
245 1 0 |a Ansatzpunkte zur Schaffung eines Europäischen Kapitalmarkets  |b Eine Analyse der Kapitalmarktintegration in der EG und ihrer Auswirkungen  |c Klaus Werner Weigelt 
264 1 |a Frankfurt am Main  |b Johann Wolgang Goethe-Universität  |c 1982 
300 |a 237 s. 
100 1 |a Weigelt, Klaus Werner